000 00572nam a2200205 a 4500
001 74627
003 BD-RjUL
005 20211209082600.0
008 181106s1968 pak||||| |||| 00| 0 eng d
035 _a(BD-RjUL)74845
040 _aBD-RjUL
_beng
_cBD-RjUL
041 _aeng
082 _223
_a342
_bJHE 1968
100 1 _aJhabvala, Noshirvan H.
_9224719
245 1 4 _aThe Element of constitutional Law /
_cNoshirvan H. Jhabvala
260 _aLahore :
_bPopular Law House ,
_c1968
300 _a180 p. ;
_c24 cm
650 _aConstitutional Law
_9224720
942 _2ddc
_cBK
999 _c74627
_d74627